[Event "Challenge"]
[Site "http://www.queenalice.com/game.php?id=1276000"]
[Date "2014.4.25"]
[Round "-"]
[White "Lordul"]
[Black "bluemoon"]
[Result "1-0"]
[WhiteElo "1576"]
[BlackElo "1499"]

1. d4 d5 2. Bf4 Nf6 3. f3 e6 4. Bg5 Be7 5. Bxf6 Bxf6 6. c3 O-O 7. Nd2 c5 8. Nb3
cxd4 9. cxd4 Nc6 10. e3 e5 11. Bb5 exd4 12. Bxc6 bxc6 13. exd4 Re8+ 14. Ne2 Ba6
15. Nc1 Qe7 16. O-O Bxe2 17. Nxe2 Qxe2 18. Qa4 Qxb2 19. Rab1 Qxd4+ 20. Qxd4
Bxd4+ 21. Kh1 Re2 22. a4 Ra2 23. Rfe1 Rxa4 24. h3 a5 25. Rb7 Bf6 26. Rc7 Ra1 27.
Rxa1 Bxa1 28. Rxc6 d4 29. Kg1 1-0

[Event "Challenge"]
[Site "http://www.queenalice.com/game.php?id=1276002"]
[Date "2014.4.25"]
[Round "-"]
[White "bzq5"]
[Black "bluemoon"]
[Result "1/2-1/2"]
[WhiteElo "1619"]
[BlackElo "1340"]

1. e4 e5 2. Qh5 Nc6 3. Bc4 g6 4. Qf3 Nf6 5. d3 Nd4 6. Qd1 Nh5 7. c3 Ne6 8. g3 c6
9. Nf3 d5 10. exd5 cxd5 11. Bb5+ Bd7 12. Qb3 Nc5 13. Bxd7+ Qxd7 14. Qc2 Bg7 15.
Nxe5 Bxe5 16. d4 Bxg3 17. hxg3 Qe6+ 18. Qe2 Nd3+ 19. Kd2 Qxe2+ 20. Kxe2 Nxc1+
21. Rxc1 O-O-O 22. Kf1 f5 23. Nd2 Nf6 24. Nb3 Rhe8 25. Nc5 b6 26. Nd3 Kb7 27. a4
a5 28. b4 Ra8 29. b5 1/2-1/2

[Event "Challenge"]
[Site "http://www.queenalice.com/game.php?id=1276003"]
[Date "2014.4.25"]
[Round "-"]
[White "ermes72"]
[Black "bluemoon"]
[Result "0-1"]
[WhiteElo "1689"]
[BlackElo "1329"]

1. e4 e6 2. Nf3 c5 3. e5 Ne7 4. c4 Ng6 5. g3 Nc6 6. Ng5 Qxg5 7. d3 Qxe5+ 8. Be2
Be7 9. f4 Qb8 10. Be3 d5 11. O-O b5 12. cxd5 exd5 13. f5 Nge5 14. d4 Nc4 15.
Bxc4 dxc4 16. dxc5 O-O 17. Qh5 Qe5 18. Bf4 Qxb2 19. Nd2 Bxc5+ 20. Kg2 Bb7 21.
Kh3 g6 22. Qh6 Qg7 23. Qxg7+ Kxg7 24. f6+ Kh8 25. Bh6 Rfe8 26. Rae1 Bf8 27. Bf4
h5 28. Ne4 Ne5 29. Bxe5 Rxe5 30. Rd1 Bxe4 31. g4 hxg4+ 32. Kxg4 Bf5+ 33. Kf4
Rae8 34. Kg5 Bh3+ 35. Kh4 Rh5+ 36. Kg3 Re3+ 37. Rf3 Rxf3+ 38. Kxf3 Be6 39. Rd8
Kg8 40. Rb8 Rxh2 41. Rxb5 Rxa2 42. Kf4 c3 43. Ke3 Ba3 0-1

[Event "Challenge"]
[Site "http://www.queenalice.com/game.php?id=1276004"]
[Date "2014.4.25"]
[Round "-"]
[White "frama42"]
[Black "bluemoon"]
[Result "1-0"]
[WhiteElo "1711"]
[BlackElo "1458"]

1. e4 e6 2. Nf3 c5 3. Nc3 Nc6 4. Bc4 Nge7 5. O-O d5 6. Bb5 Bd7 7. d3 Ng6 8. Re1
d4 9. Ne2 Be7 10. c3 e5 11. Bd2 O-O 12. Bc4 Bg4 13. Qb3 Bxf3 14. gxf3 1-0

[Event "Let's Play Chess!"]
[Site "http://www.queenalice.com/game.php?id=1276601"]
[Date "2014.4.27"]
[Round "-"]
[White "bluemoon"]
[Black "sergiogvh"]
[Result "0-1"]
[WhiteElo "1464"]
[BlackElo "2293"]

1. d4 Nf6 2. c4 e5 3. dxe5 Ng4 4. Nf3 Nc6 5. Bf4 Bb4+ 6. Nbd2 Qe7 7. e3 Ngxe5 8.
Be2 d6 9. O-O Ng6 10. Bg3 h5 11. h3 h4 12. Bh2 Bf5 13. Re1 O-O-O 14. Nd4 Nxd4
15. exd4 Qg5 0-1

[Event "Let's Play Chess!"]
[Site "http://www.queenalice.com/game.php?id=1276602"]
[Date "2014.4.27"]
[Round "-"]
[White "magalhaes_br"]
[Black "bluemoon"]
[Result "0-1"]
[WhiteElo "1376"]
[BlackElo "1383"]

1. e4 e6 2. a3 Ne7 3. Nc3 Ng6 4. g3 Be7 5. Nce2 O-O 6. Nf3 a5 7. c3 Nc6 8. d3 d5
9. Bd2 Nge5 10. Bg2 Nxd3+ 11. Kf1 dxe4 12. Ne1 Nxb2 13. Qb1 Qxd2 14. Bxe4 f5 15.
Bf3 Ne5 16. Qa2 Nbc4 17. Qb1 Nxf3 18. Nxf3 Qh6 19. Qb5 Nd6 20. Qd3 b5 21. Rb1
Ba6 22. Qd1 Ne4 23. Rb2 Bxa3 24. Ra2 b4 25. Qd7 Nxc3 26. Rc2 Rad8 27. Qc6 Qh3+
28. Kg1 Rd1+ 29. Ne1 Rxe1# 0-1

[Event "Let's Play Chess!"]
[Site "http://www.queenalice.com/game.php?id=1276697"]
[Date "2014.4.27"]
[Round "-"]
[White "amgoncal"]
[Black "bluemoon"]
[Result "0-1"]
[WhiteElo "962"]
[BlackElo "1502"]

1. d4 d5 2. f4 Nf6 3. e3 Nbd7 4. Nc3 e6 5. Nf3 Bd6 6. a3 O-O 7. b4 c6 8. Ne5 a6
9. Nxd7 Bxd7 10. h3 Rc8 11. g4 a5 12. g5 Ne4 13. Nxe4 dxe4 14. Bg2 axb4 15. a4
c5 16. d5 exd5 17. Qxd5 Bc6 18. Qf5 f6 19. Bxe4 Bxe4 20. Qxe4 fxg5 21. fxg5 Bg3+
22. Ke2 Rf2+ 23. Ke1 Rf4+ 24. Ke2 Rxe4 25. Kf3 Qxg5 26. Kxe4 Qe5+ 27. Kd3 Rd8+
28. Kc4 Qe6+ 29. Kb5 Rd5 30. a5 Qa6+ 31. Ka4 Bd6 32. e4 Rd4 33. Re1 b3+ 34. Kxb3
Qb5+ 35. Kc3 Qb4# 0-1

[Event "Let's Play Chess!"]
[Site "http://www.queenalice.com/game.php?id=1276700"]
[Date "2014.4.27"]
[Round "-"]
[White "bluemoon"]
[Black "fontaine"]
[Result "0-1"]
[WhiteElo "1353"]
[BlackElo "2648"]

1. d4 d5 2. Nf3 Nf6 3. e3 e6 4. Be2 c5 5. dxc5 Bxc5 6. O-O O-O 7. Nc3 a6 8. Qd3
Nc6 9. a3 Qc7 10. Ne1 Rd8 11. Na2 e5 12. c4 e4 13. Qc2 d4 14. Bd1 Bg4 15. exd4
Nxd4 0-1

[Event "Let's Play Chess!"]
[Site "http://www.queenalice.com/game.php?id=1276701"]
[Date "2014.4.27"]
[Round "-"]
[White "fontaine"]
[Black "bluemoon"]
[Result "1-0"]
[WhiteElo "2647"]
[BlackElo "1353"]

1. e4 e6 2. d4 d5 3. Nd2 c5 4. exd5 exd5 5. Ngf3 Nc6 6. Bb5 a6 7. Bxc6+ bxc6 8.
O-O Bg4 9. h3 Bh5 10. Re1+ Ne7 11. dxc5 f6 12. Nb3 Kf7 13. Ng5+ 1-0

[Event "Let's Play Chess!"]
[Site "http://www.queenalice.com/game.php?id=1276702"]
[Date "2014.4.27"]
[Round "-"]
[White "charles31"]
[Black "bluemoon"]
[Result "0-1"]
[WhiteElo "1818"]
[BlackElo "1464"]

1. e4 e6 2. d4 d5 3. e5 c5 4. Nc3 Nc6 5. Bb5 Bd7 6. dxc5 Nxe5 7. Bxd7+ Nxd7 8.
Be3 Nxc5 9. Nf3 a6 10. h3 Nf6 11. a3 Nce4 12. Bd4 Bc5 13. Bxc5 Nxc5 14. g4 Qb6
15. b4 Nce4 16. Nxe4 Nxe4 17. Qe2 Rc8 18. O-O O-O 19. Ne5 Ng3 20. Qd3 Nxf1 21.
Rxf1 Rc7 22. c3 Rfc8 23. Rc1 f6 24. Nf3 Rc4 25. Kg2 Qc7 26. a4 Rxc3 27. Rxc3
Qxc3 28. Qxc3 Rxc3 29. Nd4 e5 30. Ne6 Kf7 31. Nd8+ Ke7 32. Nxb7 Rc4 33. Nc5 Rxb4
34. Nxa6 Rxa4 35. Nc7 d4 36. f3 d3 37. Kf2 Ra7 38. Nd5+ Ke6 39. Nc3 g6 40. Ke3
Rd7 41. Kd2 f5 42. g5 Rd4 43. Nb5 Rh4 44. Kxd3 Rxh3 45. Ke2 Rg3 0-1

[Event "Let's Play Chess!"]
[Site "http://www.queenalice.com/game.php?id=1276703"]
[Date "2014.4.27"]
[Round "-"]
[White "bluemoon"]
[Black "charles31"]
[Result "1-0"]
[WhiteElo "1410"]
[BlackElo "1794"]

1. d4 d5 2. Nf3 h6 3. c4 dxc4 4. e4 b5 5. a4 c6 6. Nc3 Qa5 7. Bd2 b4 8. Na2 e6
9. Bxc4 c5 10. d5 exd5 11. Bxd5 Qc7 12. Bxa8 Be6 13. Nc1 a5 14. O-O Nf6 15. Nd3
Be7 16. Rc1 O-O 17. Nfe5 Nbd7 18. Nxd7 Bxd7 19. Bd5 Bc6 20. Bxc6 Qxc6 21. Re1 c4
22. e5 Nd5 23. Qf3 cxd3 24. Rxc6 1-0

[Event "AUTO-OPEN-3241"]
[Site "http://www.queenalice.com/game.php?id=1276758"]
[Date "2014.4.27"]
[Round "1"]
[White "Gosiulkaa"]
[Black "bluemoon"]
[Result "1-0"]
[WhiteElo "1954"]
[BlackElo "1502"]

1. e4 e6 2. d4 d5 3. exd5 exd5 4. Nf3 Bd6 5. c3 Ne7 6. Bd3 O-O 7. O-O Bg4 8. Be3
Nd7 9. Nbd2 Ng6 10. Qc2 Re8 11. h3 Be6 12. Rfe1 c6 13. a3 b5 14. a4 bxa4 15.
Rxa4 a5 16. Rea1 Bc7 17. b4 Nb6 18. Rxa5 Rxa5 19. bxa5 Nc4 20. Bxc4 dxc4 21. a6
Qd6 22. a7 Ra8 23. Ne4 Qd5 24. Nc5 Bf5 25. Qb2 Bxh3 26. Qb7 Bg4 27. Qxa8+ Nf8
28. Qxf8+ 1-0

[Event "AUTO-OPEN-3241"]
[Site "http://www.queenalice.com/game.php?id=1276759"]
[Date "2014.4.27"]
[Round "1"]
[White "bluemoon"]
[Black "Gosiulkaa"]
[Result "0-1"]
[WhiteElo "1514"]
[BlackElo "1956"]

1. d4 d5 2. c4 e6 3. Nf3 Bb4+ 4. Bd2 Bxd2+ 5. Nbxd2 Nf6 6. e3 dxc4 7. Bxc4 Bd7
8. O-O O-O 9. Qc2 Nc6 10. a3 a6 11. Rac1 Qe7 12. Ne5 Nxe5 13. dxe5 Ng4 14. Nf3
Bc6 15. Bd3 Bxf3 16. gxf3 Nxe5 17. Bxh7+ Kh8 18. Be4 f5 19. Bxb7 Rab8 20. Qxc7
Qg5+ 21. Kh1 Ng6 22. f4 Qh5 23. Rg1 Rg8 24. Qf7 Nxf4 25. Qxh5+ Nxh5 26. Rc7 g5
27. Bxa6 Rxb2 28. Rd1 Rxf2 29. Rdd7 Nf6 30. Bc4 Nxd7 31. Rxd7 Rg6 0-1

[Event "AUTO-OPEN-3241"]
[Site "http://www.queenalice.com/game.php?id=1276794"]
[Date "2014.4.27"]
[Round "1"]
[White "bluemoon"]
[Black "Herivelto"]
[Result "0-1"]
[WhiteElo "1456"]
[BlackElo "1987"]

1. d4 Nf6 2. c4 g6 3. Nc3 Bg7 4. Nf3 O-O 5. Bf4 d6 6. e3 Nbd7 7. Be2 c5 8. O-O
h6 9. dxc5 Nxc5 10. Nd5 g5 11. Bg3 Nfe4 0-1

[Event "AUTO-OPEN-3241"]
[Site "http://www.queenalice.com/game.php?id=1276795"]
[Date "2014.4.27"]
[Round "1"]
[White "Herivelto"]
[Black "bluemoon"]
[Result "1-0"]
[WhiteElo "1985"]
[BlackElo "1458"]

1. Nf3 e6 2. c4 Nf6 3. Nc3 d5 4. d4 Be7 5. Bf4 O-O 6. e3 a6 7. c5 b6 8. b4 Nc6
9. a3 Ne4 10. Nxe4 dxe4 11. Nd2 Bb7 12. Nxe4 1-0

[Event "Let's Play Chess!"]
[Site "http://www.queenalice.com/game.php?id=1277247"]
[Date "2014.4.29"]
[Round "-"]
[White "paolop69"]
[Black "bluemoon"]
[Result "0-1"]
[WhiteElo "1660"]
[BlackElo "1429"]

1. e4 e6 2. a3 c5 3. d3 Nc6 4. c3 d5 5. Be2 Be7 6. Nf3 Nf6 7. Nbd2 O-O 8. h3 Qd6
9. Nb3 dxe4 10. dxe4 Qxd1+ 11. Kxd1 Nxe4 12. Ke1 Bd7 13. Bd3 Nf6 14. Kd2 Nd5 15.
Kc2 Rac8 16. Be4 Nd8 17. Bg5 Bxg5 18. Nxg5 Nf6 19. Rad1 Ba4 20. Kc1 Bxb3 21. Bc2
Bxc2 22. Kxc2 Nc6 23. f3 h6 24. Ne4 Nxe4 25. fxe4 Rfd8 26. g4 Ne5 27. Rxd8+ Rxd8
28. Rd1 Rxd1 29. Kxd1 Nf3 30. c4 Ng5 31. h4 Nxe4 0-1

[Event "Let's Play Chess!"]
[Site "http://www.queenalice.com/game.php?id=1277276"]
[Date "2014.4.29"]
[Round "-"]
[White "bluemoon"]
[Black "roli68"]
[Result "0-1"]
[WhiteElo "1474"]
[BlackElo "1615"]

1. d4 d5 2. c4 dxc4 3. e4 f5 4. e5 e6 5. Bxc4 Nc6 6. Nf3 Na5 7. Be2 h5 8. O-O
Nh6 9. Bg5 Be7 10. h4 Qd5 11. Nc3 Qc6 12. Bb5 Bd7 13. Bxc6 Bxc6 14. a3 Ng4 15.
Bxe7 Kxe7 16. Ng5 Nc4 17. b3 Na5 18. b4 Nc4 19. b5 Bd7 20. a4 b6 21. Qb3 Nd2 22.
Qb4+ Ke8 23. Rfd1 Ne4 24. Ncxe4 fxe4 25. Nxe4 Rf8 26. f3 Ne3 27. Rd3 Nd5 0-1

[Event "Let's Play Chess!"]
[Site "http://www.queenalice.com/game.php?id=1277279"]
[Date "2014.4.29"]
[Round "-"]
[White "bluemoon"]
[Black "jhowrod2013"]
[Result "0-1"]
[WhiteElo "1497"]
[BlackElo "1604"]

1. e4 Nc6 2. d4 e5 3. c3 Nf6 4. Bd3 d6 5. Ne2 Be7 6. h3 O-O 7. Be3 d5 8. Nd2
exd4 9. cxd4 dxe4 10. Nxe4 Bf5 11. N2g3 Bxe4 12. Nxe4 Nxe4 13. Bxe4 Bb4+ 0-1

[Event "Let's Play Chess!"]
[Site "http://www.queenalice.com/game.php?id=1277280"]
[Date "2014.4.29"]
[Round "-"]
[White "jhowrod2013"]
[Black "bluemoon"]
[Result "1-0"]
[WhiteElo "1616"]
[BlackElo "1485"]

1. e4 e6 2. d4 d5 3. e5 c5 4. Nf3 Nc6 5. Be3 cxd4 6. Nxd4 Nxe5 7. Bb5+ Bd7 8.
Bxd7+ Qxd7 9. O-O Nf6 10. Qe2 Bd6 11. Nc3 Nc6 12. Nxc6 Qxc6 13. Qb5 Qxb5 14.
Nxb5 1-0

[Event "Let's Play Chess!"]
[Site "http://www.queenalice.com/game.php?id=1279543"]
[Date "2014.5.6"]
[Round "-"]
[White "TomTheKing"]
[Black "bluemoon"]
[Result "1-0"]
[WhiteElo "1727"]
[BlackElo "1514"]

1. e4 e6 2. d4 d5 3. Nc3 Ne7 4. e5 c5 5. Bg5 cxd4 6. Qxd4 Nbc6 7. Bb5 Bd7 8.
Bxc6 Nxc6 9. Qf4 Be7 10. Nf3 O-O 11. O-O-O Bxg5 12. Nxg5 Ne7 13. h4 Ng6 14. Qg3
h6 15. Nf3 Bc6 16. h5 Ne7 17. Qf4 Qb6 18. g4 Bb5 19. Rd2 Rac8 20. g5 Rxc3 21.
bxc3 Bc4 22. Rdd1 Bxa2 23. gxh6 Rc8 24. hxg7 Nf5 25. h6 Qxf2 26. h7+ Kxg7 27.
Qg5+ Kh8 28. Rdg1 1-0